| 000 | 00749nac a22002051u 4500 | ||
|---|---|---|---|
| 010 | _a 96037098 | ||
| 020 | _a0300068301 (alk. paper) | ||
| 082 | 0 | 0 |
_a304.28 _bRUS |
| 090 |
_c8098 _d8098 |
||
| 100 | _aRussell, Emily Wyndhamtt, | ||
| 245 | 1 | 0 |
_aPeople and the land through time : _blinking ecology and history / _cEmily W.B. Russell. |
| 260 |
_aNew Haven, Conn. : _bYale University Press,c1997. _cc1997. |
||
| 300 |
_axx, 306 p. : _bill., maps ; _c24 cm. |
||
| 500 | _aDistributer: Al-Ahram. | ||
| 504 | _aIncludes bibliographical references (p. 247-293) and index. | ||
| 511 | _aCatalogued By: Mahitab. | ||
| 650 | 0 | _aHuman ecology. | |
| 650 | 0 |
_aNature _xEffect of human beings on. |
|
| 942 |
_cBB _k304.28RUS |
||
| 999 |
_c8098 _d8098 |
||